Παράκτιο περιβάλλον και ποιότητα νερών κολύμβησης στην Ελλάδα : μεταπτυχιακή διατριβή
Αποθηκεύτηκε σε:
| Κύριος συγγραφέας: | |
|---|---|
| Συγγραφή απο Οργανισμό/Αρχή: | |
| Άλλοι συγγραφείς: | |
| Μορφή: | Thesis Βιβλίο |
| Γλώσσα: | Greek |
| Δημοσίευση: |
Μυτιλήνη :
Πανεπιστήμιο Αιγαίου, Τμήμα Περιβάλλοντος, Μεταπτυχιακό Πρόγραμμα Σπουδών στην Περιβαλλοντική Πολιτική και Διαχείριση,
2000
|
| Θέματα: | |
| Διαθέσιμο Online: | http://hdl.handle.net/11610/15185 |
| Ετικέτες: |
Προσθήκη ετικέτας
Δεν υπάρχουν, Καταχωρήστε ετικέτα πρώτοι!
|
MARC
| LEADER | 00000cam a2200000 i 4500 | ||
|---|---|---|---|
| 001 | 1/16783 | ||
| 008 | 010205s2000 gre d | ||
| 035 | |l 10065900 | ||
| 040 | |a GR-MY-UA |b gre |e aacr | ||
| 041 | 0 | |a gre | |
| 082 | 0 | |a 363.7294 |2 (22) | |
| 100 | 1 | |a Ζαχαρούλη, Μαρία. | |
| 245 | 1 | 0 | |a Παράκτιο περιβάλλον και ποιότητα νερών κολύμβησης στην Ελλάδα : |b μεταπτυχιακή διατριβή / |c Ζαχαρούλη Μαρία ; επιβλέπων καθηγητής Κοκκώσης Χάρης |
| 260 | |a Μυτιλήνη : |b Πανεπιστήμιο Αιγαίου, Τμήμα Περιβάλλοντος, Μεταπτυχιακό Πρόγραμμα Σπουδών στην Περιβαλλοντική Πολιτική και Διαχείριση, |c 2000 | ||
| 300 | |a 83 σ.; |b πιν.; χάρτες; |c 30 εκ. | ||
| 502 | |a Διατριβή (μεταπτυχιακή) – Πανεπιστήμιο Αιγαίου, Λέσβος, 2000. | ||
| 504 | |a Περιέχει βιβλιογραφία | ||
| 650 | 0 | 0 | |a Marine pollution |z Greece. |
| 650 | 0 | 0 | |a Beaches |z Greece. |
| 650 | 0 | 0 | |a Bathing beaches |z Greece. |
| 650 | 0 | 0 | |a Bathing beaches |x Health aspects. |
| 650 | 0 | 0 | |a Dissertations, Academic |z Greece. |
| 700 | 1 | |4 ths |a Κοκκώσης, Χαράλαμπος. | |
| 710 | 2 | |a Πανεπιστήμιο Αιγαίου |b Σχολή Περιβάλλοντος |b Τμήμα Περιβάλλοντος |b Πρόγραμμα Μεταπτυχιακών Σπουδών Περιβαλλοντική Πολιτική και Διαχείριση. | |
| 852 | |a INST |b LESVOS |c DIATR |e 20010205 |h 53 |p 005100027186 |q 005100027186 |t MTXE |y 23 | ||
| 852 | |a INST |b LESVOS |c DIATR |e 20010205 |h 54 |p 005100027187 |q 005100027187 |t MTXE |y 23 | ||
| 856 | |u http://hdl.handle.net/11610/15185 | ||
| 901 | |a BIBL1-2001-1 | ||
| 909 | |a Λ |b 085398 | ||
| 909 | |a Λ |b 085399 | ||
| 924 | |a ΖΑΧΑΡΟΥΛΗ |b ΜΑΡΙΑ |y ΛΕΣΒΟΣ |z 2001-01 | ||
| 970 | |a ΚΑΜΑΤΣΟΥ |b ΔΕΣΠΟΙΝΑ |z 2001/02/05 | ||